000 01575nam a22002417a 4500
003 BJBSDDR
005 20260513183339.0
006 a|||||r|||| 00| 0
007 ta
008 260513s20221974nyu|||||r|||| 00| 0 eng d
020 _a9781476770512
040 _bspa
_cBJBSDDR
041 _aeng
050 _bB531a 2022
100 1 _aBernstein, Carl,
_d1944-
_938696
245 1 0 _aAll the President's men :
_bthe greatest reporting story of all time /
_cCarl Bernstein (Autor), Bob Woodward (Autor)
260 _aNew York,
_bSimon & Schuster,
_c2022
300 _axxix, 361 pages :
_billustrations ;
_c22 cm
520 _aThis book follows journalists Bob Woodward and Carl Bernstein as they investigate the 1972 Watergate break-in in Washington, D.C. What begins as a seemingly minor burglary at the Democratic National Committee headquarters grows into a major political scandal involving illegal surveillance, political sabotage, and abuse of presidential power. Using anonymous sources (most famously “Deep Throat”), interviews, and persistent reporting, the journalists uncover a network connecting the burglars to high-level officials in the Nixon administration. Their investigation ultimately contributes to exposing the Watergate scandal and the resignation of President Richard Nixon. The book is both a detailed account of investigative journalism and a real-time political thriller showing how persistent reporting can uncover systemic corruption.
700 1 _aWoodward, Bob
_q(Robert Upshur),
_d1943-
_98227
942 _2lcc
_n0
_cBK
946 _illh
999 _c127085
_d127085